000 00593nam a22001937a 4500
999 _c13268
_d13268
003 AR-CdUCM
008 190411b ||||| |||| 00| 0 spa d
040 _aMUNICIPALIDAD PROVINCIAL DEL CUSCO
_cBIBLIOTECA MUNICIPAL DEL CUSCO
082 _a581.985 /
_bH44
100 _aHerrera, F ,L.
_931595
245 _aExploraciones británicas en el Perú /
260 _aLima :
_c1939.
300 _a354 paginas :
_c18 cm.
505 _aContenido :Naturaleza y riquezas vegetales /
650 _aBotanica
_92790
650 _aEcología
_94960
942 _2ddc
_cFOLLETOS
945 _arjall
_d2019-04-11